First Day of Christmas by Yuno Miles lyrics (Chorus) - Statistics

General Stats
  • This quiz has been taken 64 times
  • The average score is 46 of 82
Answer Stats
Answer % Correct
INFRJOBEFHRGNUEFBHUINFJWR
100%
KCHIJHFOW
100%
Christmas
92%
Christmas
92%
Christmas
92%
Christmas
92%
first
92%
day
90%
day
90%
day
90%
day
90%
of
90%
of
90%
of
90%
of
90%
the
87%
the
87%
the
87%
the
87%
the
87%
the
87%
the
87%
On
85%
On
85%
on
85%
on
85%
a
74%
a
74%
I
72%
I
72%
I
72%
my
69%
my
69%
my
69%
at
59%
second
59%
second
59%
alligator
51%
alligator
51%
me
51%
me
51%
ate
49%
ate
49%
tree
49%
bit
46%
f*ck
46%
to
46%
you
44%
you
44%
you
44%
f*cking
41%
f*cking
41%
an
38%
bro
38%
where
38%
hairline
36%
ni**a
36%
third
36%
was
36%
came
33%
good
33%
goose
33%
so
33%
so
33%
oh
31%
Oh
31%
oh
31%
taste
31%
god
26%
god
26%
bald
23%
damn
23%
damn
23%
ImDontai
23%
left
23%
off
23%
that
23%
and
21%
cut
21%
had
21%
what
18%
why's
15%
No matching quizzes found
Score Distribution
Percent of People with Each Score
Percentile by Number Answered
Your Score History
You have not taken this quiz